000 00526nam a2200181Ia 4500
003 IN-BaIIA
008 211028s9999 xx 000 0 eng d
040 _cIIA Library
080 _a523.43
_bDE
100 _aDe Vaucouleurs, Gerard
_91262
245 0 _aPhysics of the planet mars
_ban introduction to aerophysics
_cGerard De Vaucouleurs
260 _aLondon
_bFaber and Faber
_c1954
300 _a365p.
650 _aAstronomy and astrophysics thesaurus
650 _aMars
_91378
650 _aPlanet Mars
_91263
942 _cBK
999 _c1428
_d1428